书目信息 |
| 题名: |
书画背后的故事
|
|
| 作者: | 陆明 编著 | |
| 分册: | ||
| 出版信息: | 北京 西苑出版社 2007 |
|
| 页数: | 247页 | |
| 开本: | 24cm | |
| 丛书名: | 另类考古系列 | |
| 单 册: | ||
| 中图分类: | J120.92 | |
| 科图分类: | ||
| 主题词: | 美术史--中国--古代--史料 , 美术史 | |
| 电子资源: | ||
| ISBN: | 978-7-80210-198-2 | |
| 000 | 00812oam2 2200253 450 | |
| 001 | 003402452 | |
| 005 | 20070803112229.96 | |
| 010 | @a978-7-80210-198-2@dCNY32.00@z7-80210-198-0 | |
| 100 | @a20070402d2007 em y0chiy0110 ea | |
| 101 | 0 | @achi |
| 102 | @aCN@b110000 | |
| 105 | @aa z 000yy | |
| 200 | 1 | @a书画背后的故事@9shu hua bei hou de gu shi@f陆明编著 |
| 210 | @a北京@c西苑出版社@d2007 | |
| 215 | @a247页@c图@d24cm | |
| 225 | 2 | @a另类考古系列 |
| 330 | @a本书内容包括:《出师颂》中引起的风波、《平复帖》的故事、《兰亭序》的曲折故事、重金买回《伯远帖》、梦牵《洛神赋图》等。 | |
| 461 | 0 | @12001 @a另类考古系列 |
| 606 | 0 | @a美术史@y中国@z古代@j史料 |
| 606 | 0 | @a美术史 |
| 690 | @aJ120.92@v4 | |
| 701 | 0 | @a陆明@9lu ming@c(文化史)@4编著 |
| 801 | 0 | @aCN@bNLC@c20070803 |
| 905 | @a10447@dJ120.92@e85 | |
| 书画背后的故事/陆明编著.-北京:西苑出版社,2007 |
| 247页:图;24cm.-(另类考古系列) |
| ISBN 978-7-80210-198-2:CNY32.00 |
| 本书内容包括:《出师颂》中引起的风波、《平复帖》的故事、《兰亭序》的曲折故事、重金买回《伯远帖》、梦牵《洛神赋图》等。 |
| ● |
| 相关链接 |
|
|
|
|
正题名:书画背后的故事
索取号:J120.92/85
 
预约/预借
| 序号 | 登录号 | 条形码 | 馆藏地/架位号 | 状态 | 备注 |
| 1 | 0801478 | 208014780 | 第一样本阅览室/ [索取号:J120.92/85] | 在馆 | |
| 2 | 0801479 | 208014799 | 第一借阅区/ [索取号:J120.92/85] | 在馆 | |
| 3 | 0801480 | 208014806 | 第一借阅区/ [索取号:J120.92/85] | 在馆 | |
| 4 | 0801481 | 208014815 | 第一借阅区/ [索取号:J120.92/85] | 在馆 | |
| 5 | 0801482 | 208014824 | 第一借阅区/ [索取号:J120.92/85] | 在馆 | |
| 6 | 0801483 | 208014833 | 第一借阅区/ [索取号:J120.92/85] | 在馆 | |
| 7 | 0801484 | 208014842 | 第一借阅区/ [索取号:J120.92/85] | 在馆 | |
| 8 | 0801485 | 208014851 | 密集书库-美术系/ [索取号:J120.92/85] | 在馆 | |
| 9 | 0801486 | 208014860 | 密集书库-美术系/ [索取号:J120.92/85] | 在馆 | |
| 10 | 0801487 | 208014879 | 密集书库-美术系/ [索取号:J120.92/85] | 在馆 |